000 00223nam a22001097a 4500
999 _c166922
_d166922
082 _a
_b
100 _aDevaraj
245 _aDhoosara sutra/
_cby Devaraj.
260 _aNew Delhi:
_bRajpal,
_c
650 _a
942 _cBK